| Tag |
First Indicator |
Second Indicator |
Subfields |
| LEADER |
00000cam a2200000 4500 |
| 001 |
in00000022966 |
| 005 |
20151007064222.0 |
| 008 |
720426s1956 enka 00000 eng u |
| 010 |
|
|
|a 57015930
|
| 035 |
|
|
|a (OCoLC)00294477
|
| 035 |
|
|
|9 AAD9331AM
|
| 040 |
|
|
|c WSU
|d TXA
|d UtOrBLW
|
| 049 |
|
|
|a TXAM
|c [279429]
|
| 090 |
|
|
|a PT2100.B9
|b B8
|
| 092 |
|
|
|a 832
|b G599Ybu
|
| 100 |
1 |
|
|a Butler, E. M.
|q (Eliza Marian),
|d 1885-1959.
|
| 245 |
1 |
0 |
|a Byron and Goethe ;
|b analysis of a passion.
|
| 264 |
|
1 |
|a London :
|b Bowes & Bowes,
|c [1956]
|
| 300 |
|
|
|a 229 pages :
|b illustrations ;
|c 23 cm.
|
| 336 |
|
|
|a text
|b txt
|2 rdacontent
|
| 337 |
|
|
|a unmediated
|b n
|2 rdamedia
|
| 338 |
|
|
|a volume
|b nc
|2 rdacarrier
|
| 600 |
1 |
0 |
|a Byron, George Gordon Byron,
|c Baron,
|d 1788-1824.
|
| 600 |
1 |
0 |
|a Goethe, Johann Wolfgang von,
|d 1749-1832.
|
| 999 |
|
|
|a MARS
|
| 999 |
f |
f |
|s cd10e356-6374-3f77-85d1-de4ce27f2b5f
|i f26a2b62-75cf-3b56-8260-6ced0ba176dd
|t 0
|
| 952 |
f |
f |
|p ric
|a Texas A&M University
|b Rellis Campus
|c Joint Library Facility
|d Remote Storage
|t 0
|e PT2100.B9 B8
|h Library of Congress classification
|i unmediated -- volume
|m A14801352546
|
| 998 |
f |
f |
|a PT2100.B9 B8
|t 0
|l Remote Storage
|